[Event "Voronezh Region-ch"]
[Site "Voronezh"]
[Date "2018.11.27"]
[Round "5"]
[White "Eremenko, Vasily"]
[Black "Chernyshov, Mikhail"]
[Result "0-1"]
[WhiteElo "1736"]
[BlackElo "1913"]
[PlyCount "81"]
[EventDate "2018.11.23"]
[EventType "swiss"]
[EventRounds "9"]
[EventCountry "RUS"]
[SourceTitle "CBM 188 Extra"]
[Source "ChessBase"]
[SourceDate "2019.02.26"]
[SourceVersion "1"]
[SourceVersionDate "2019.02.26"]
[SourceQuality "1"]

1. e4 e5 2. Nf3 Nc6 3. Bc4 Bc5 4. 0-0 Nf6 5. Nc3 0-0 6. d3 h6 7. a3 d6 8. h3 a6 9. b4 Ba7 10. Bb2 Nd4 11. Kh1 c6 12. Ba2 Bd7 13. Rb1 Ne6 14. Bxe6 Bxe6 15. Ne2 Nh7 16. Kh2 Ng5 17. Nxg5 Qxg5 18. Bc1 Qh5 19. Qe1 f5 20. exf5 Qxf5 21. f3 Rae8 22. Ng3 Qg6 23. Be3 Bb8 24. Kh1 d5 25. Ne2 e4 26. dxe4 dxe4 27. f4 Bc4 28. Rf2 Kh7 29. Rd1 Bxe2 30. Qxe2 Qg3 31. Rdf1 g5 32. Rd1 gxf4 33. Rd7+ Kg6 34. Bd4 f3 35. Rg7+ Kh5 36. gxf3 Qxh3+ 37. Kg1 exf3 38. Qd2 Rg8 39. Qc3 Rxg7+ 40. Bxg7 Ba7 41. Qd2 0-1

[Event "Voronezh op-B 20th"]
[Site "Voronezh"]
[Date "2016.06.21"]
[Round "9"]
[White "Chernyshov, Mikhail"]
[Black "Knyazev, Pavel"]
[Result "1-0"]
[WhiteElo "1895"]
[BlackElo "1676"]
[PlyCount "73"]
[EventDate "2016.06.12"]
[EventType "swiss"]
[EventRounds "9"]
[EventCountry "RUS"]
[SourceTitle "EXT 2017"]
[Source "ChessBase"]
[SourceDate "2016.10.25"]
[SourceVersion "1"]
[SourceVersionDate "2016.10.25"]
[SourceQuality "1"]

1. e4 c6 2. d4 d5 3. Nc3 dxe4 4. Nxe4 Bf5 5. Ng3 Bg6 6. h4 h6 7. Nf3 Nf6 8. h5 Bh7 9. Bd3 Bxd3 10. Qxd3 e6 11. Bd2 Bd6 12. Ne4 Nxe4 13. Qxe4 Nd7 14. 0-0-0 Nf6 15. Qe2 Qc7 16. Ne5 Nd7 17. f4 Nxe5 18. fxe5 Be7 19. Qg4 Bf8 20. Rh3 0-0-0 21. Rf1 Qd7 22. Rhf3 Qd5 23. Rxf7 Qxa2 24. Bc3 Qd5 25. Kb1 a5 26. Qf3 Qxf3 27. R1xf3 b6 28. Ra7 Bb4 29. Rxg7 Bxc3 30. Rxc3 Rhg8 31. Rxc6+ Kb8 32. Rxb6+ Kc8 33. Rc6+ Kb8 34. Rxg8 Rxg8 35. Rxe6 Rxg2 36. Rxh6 Rd2 37. c3 1-0

[Event "Voronezh op-B 17th"]
[Site "Voronezh"]
[Date "2013.06.17"]
[Round "6"]
[White "Chernyshov, Mikhail"]
[Black "Dilshodbek, Aytolkun"]
[Result "1-0"]
[WhiteElo "1807"]
[BlackElo "1750"]
[PlyCount "69"]
[EventDate "2013.06.12"]
[EventType "swiss"]
[EventRounds "9"]
[EventCountry "RUS"]
[SourceTitle "EXT 2014"]
[Source "ChessBase"]
[SourceDate "2013.11.20"]
[SourceVersion "1"]
[SourceVersionDate "2013.11.20"]
[SourceQuality "1"]

1. e4 e6 2. d4 d5 3. Nc3 Bb4 4. e5 c5 5. a3 Ba5 6. b4 cxb4 7. Nb5 bxa3+ 8. c3 Bc7 9. Bxa3 Bd7 10. Qb3 a6 11. Nxc7+ Qxc7 12. Qb4 Kd8 13. Nf3 Be8 14. Be2 Ne7 15. 0-0 Nbc6 16. Qb2 Bd7 17. Bd6 Qc8 18. Qb6+ Ke8 19. Rab1 Nd8 20. Rfc1 f6 21. c4 Ndc6 22. Bxe7 Kxe7 23. cxd5 exd5 24. exf6+ Kxf6 25. Ne5 Re8 26. Rb3 Be6 27. Rf3+ Kg5 28. Nxc6 bxc6 29. h4+ Kxh4 30. Qb3 Bg4 31. Rh3+ Kg5 32. Bxg4 Kxg4 33. Qf3+ Kg5 34. Rg3+ Kh6 35. Qf4+ 1-0

[Event "Borisoglebsk Bocharov Memorial"]
[Site "Borisoglebsk"]
[Date "2012.03.31"]
[Round "6"]
[White "Chernyshov, Mikhail"]
[Black "Vechkanov, Valery"]
[Result "1-0"]
[WhiteElo "1704"]
[BlackElo "1908"]
[PlyCount "47"]
[EventDate "2012.03.29"]
[EventType "swiss"]
[EventRounds "9"]
[EventCountry "RUS"]
[SourceTitle "EXT 2013"]
[Source "ChessBase"]
[SourceDate "2012.11.22"]
[SourceVersion "1"]
[SourceVersionDate "2012.11.22"]
[SourceQuality "1"]

1. e4 c5 2. Nf3 d6 3. d4 cxd4 4. Nxd4 g6 5. Nc3 Bg7 6. Be3 Nf6 7. f3 Nc6 8. Qd2 a6 9. 0-0-0 b5 10. Nxc6 Qc7 11. Nd4 0-0 12. Kb1 Bd7 13. g4 Rfc8 14. g5 Nh5 15. Nd5 Qd8 16. Ne2 Rab8 17. Ng3 e6 18. Nxh5 gxh5 19. Nf6+ Bxf6 20. gxf6 Qxf6 21. Qxd6 Qxf3 22. Rg1+ Kh8 23. Qd4+ f6 24. Be2 1-0

[Event "Borisoglebsk Bocharov Memorial"]
[Site "Borisoglebsk"]
[Date "2012.03.30"]
[Round "3"]
[White "Orekhov, Boris"]
[Black "Chernyshov, Mikhail"]
[Result "1-0"]
[WhiteElo "1918"]
[BlackElo "1704"]
[PlyCount "47"]
[EventDate "2012.03.29"]
[EventType "swiss"]
[EventRounds "9"]
[EventCountry "RUS"]
[SourceTitle "EXT 2013"]
[Source "ChessBase"]
[SourceDate "2012.11.22"]
[SourceVersion "1"]
[SourceVersionDate "2012.11.22"]
[SourceQuality "1"]

1. d4 d5 2. c4 Nc6 3. Nf3 Bg4 4. e3 Nf6 5. Nc3 e5 6. dxe5 Nxe5 7. cxd5 Bb4 8. Qa4+ Qd7 9. Qxb4 Nxf3+ 10. gxf3 Bxf3 11. Rg1 0-0-0 12. Be2 Bxe2 13. Kxe2 Nxd5 14. Nxd5 Qxd5 15. Qb3 Qh5+ 16. Ke1 Qxh2 17. Rf1 Qd6 18. Qc2 Rd7 19. Bd2 Rhd8 20. Bc3 Qh2 21. Rc1 Re8 22. Qf5 g6 23. Qf3 Rde7 24. Rd1 1-0

[Event "Anna Alekhine Cup"]
[Site "Anna"]
[Date "2012.02.17"]
[Round "1"]
[White "Chernyshov, Mikhail"]
[Black "Surov, Sergey"]
[Result "0-1"]
[WhiteElo "1710"]
[BlackElo "2287"]
[PlyCount "68"]
[EventDate "2012.02.17"]
[EventType "swiss"]
[EventRounds "9"]
[EventCountry "RUS"]
[SourceTitle "EXT 2013"]
[Source "ChessBase"]
[SourceDate "2012.11.22"]
[SourceVersion "1"]
[SourceVersionDate "2012.11.22"]
[SourceQuality "1"]

1. e4 Nc6 2. Nf3 d6 3. d4 Nf6 4. Nc3 Bg4 5. Be2 e6 6. 0-0 d5 7. exd5 exd5 8. Bf4 Be7 9. h3 Bh5 10. Nb5 Rc8 11. Ne5 Bxe2 12. Qxe2 Nxe5 13. Qxe5 0-0 14. Nxc7 Qd7 15. c4 dxc4 16. d5 Rfd8 17. Rfd1 Bd6 18. Qxd6 Qxd6 19. Bxd6 Rxd6 20. Nb5 Rb6 21. a4 a6 22. Nd4 Rxb2 23. Rac1 c3 24. d6 Nd7 25. Re1 Rd2 26. Nf5 Kf8 27. Re7 c2 28. Ree1 g6 29. Ne3 f5 30. Nf1 Rxd6 31. Re2 Rdc6 32. Ne3 Nc5 33. Rcxc2 Nxa4 34. Rxc6 Rxc6 0-1

[Event "Voronezh Winter op"]
[Site "Voronezh"]
[Date "2012.01.14"]
[Round "4"]
[White "Chernyshov, Mikhail"]
[Black "Gasparian, Haik"]
[Result "0-1"]
[WhiteElo "1710"]
[BlackElo "1899"]
[PlyCount "71"]
[EventDate "2012.01.11"]
[EventType "swiss"]
[EventRounds "7"]
[EventCountry "RUS"]
[SourceTitle "EXT 2013"]
[Source "ChessBase"]
[SourceDate "2012.11.22"]
[SourceVersion "1"]
[SourceVersionDate "2012.11.22"]
[SourceQuality "1"]

1. e4 e5 2. Nf3 Nc6 3. Bc4 Nf6 4. Ng5 d5 5. exd5 b5 6. Bf1 Nxd5 7. Bxb5 Bd7 8. d3 h6 9. Ne4 Be7 10. 0-0 0-0 11. Nbc3 Nxc3 12. Nxc3 Nd4 13. Bxd7 Qxd7 14. Be3 Rab8 15. b3 Rb6 16. Bxd4 Qxd4 17. Ne2 Qh4 18. Ng3 Rf6 19. Qe2 Bd6 20. Ne4 Rg6 21. Nxd6 cxd6 22. g3 f5 23. Kh1 Qh3 24. Rg1 Qg4 25. f3 Qd4 26. Rae1 Rgf6 27. Rgf1 Qd5 28. Qf2 a5 29. Kg1 g5 30. Qg2 Qd4+ 31. Kh1 Kg7 32. Qd2 Qd5 33. c4 Qc5 34. Rd1 Qb4 35. Qe3 Qb7 36. d4 0-1